[Event "9th Sharjah Cup Women 2018"]
[Site "Sharjah"]
[Date "2018.12.17"]
[Round "5"]
[White "Samaganova, Alexandra"]
[Black "Fatima, Saif Al-Ali"]
[Result "1-0"]
[WhiteElo "2038"]
[BlackElo "1200"]
[Annotator "NA"]
[PlyCount "70"]
[EventDate "2018.12.14"]
[EventType "swiss"]
[EventCountry "UAE"]
[SourceTitle "playchess.com"]
[Source "ChessBase"]
[SourceQuality "1"]
[TimeControl "5400+30"]

1. c4 {[%emt 0:00:00]} e6 {[%emt 0:00:00]} 2. Nc3 {[%emt 0:00:00]} d5 {[%emt 0:00:47]} 3. d4 {[%emt 0:00:23]} Nf6 {[%emt 0:01:16]} 4. Bg5 {[%emt 0:00:39]} Be7 {[%emt 0:00:22]} 5. cxd5 {[%emt 0:00:29]} exd5 {[%emt 0:00:20]} 6. e3 {[%emt 0:00:24]} h6 {[%emt 0:00:16]} 7. Bh4 {[%emt 0:02:56]} O-O {[%emt 0:00:18]} 8. Bd3 {[%emt 0:01:05]} b6 {[%emt 0:02:32]} 9. Nf3 {[%emt 0:03:33]} Bb7 {[%emt 0:02:50]} 10. Qc2 {[%emt 0:07:32]} c5 {[%emt 0:02:56]} 11. O-O {[%emt 0:08:53] D58: Queen's Gambit Declined: Tartakower Defence} Nc6 {[%emt 0:08:58]} 12. a3 {[%emt 0:07:08] LiveBook: 4 Games} Rc8 {[%emt 0:09:13]} (12... a6 13. dxc5 bxc5 14. Rfd1 d4 15. Bxf6 Bxf6 16. Ne4 dxe3 17. Nxc5 exf2+ 18. Kf1 Qb8 {1-0 (51) Ivanchuk,V (2781)-Karpov,A (2651) Moscow 2008}) 13. Bf5 {[%emt 0:04:47]} Rb8 $146 {[%emt 0:02:51]} ({Predecessor:} 13... Ra8 14. Rfd1 c4 15. Ne5 g5 16. Bg3 Nxe5 17. dxe5 Nh5 18. e6 Ng7 {1-0 (74) Martinez Tafalla,M-Ceron Carrion,C Lorca 2003}) 14. dxc5 {[%emt 0:11:05]} bxc5 {[%emt 0:03:18]} 15. Rfd1 {[%emt 0:01:10]} Qb6 {[%emt 0:07:54]} 16. Na4 {[%emt 0:13:10]} ({But not} 16. Nxd5 $2 Nxd5 17. Rxd5 Bxh4 $19) 16... Qc7 {[%emt 0:18:22]} 17. Bg3 {[%emt 0:05:42]} Bd6 {[%emt 0:03:34]} 18. Bxd6 {[%emt 0:01:06]} Qxd6 {[%emt 0:00:16]} 19. Nxc5 {[%emt 0:01:11]} Ne7 {[%emt 0:01:02]} 20. Nxb7 {[%emt 0:03:11]} Rxb7 {[%emt 0:00:14]} 21. Nd4 {[%emt 0:01:28]} Rfb8 {[%emt 0:06:47]} 22. b4 {[%emt 0:02:24]} a5 $18 {[%emt 0:03:28]} (22... Rc7 $16 23. Qd3 Rc4) 23. b5 {[%emt 0:02:19]} Rc7 {[%emt 0:03:25]} 24. Qd2 {[%emt 0:04:34]} Nxf5 {[%emt 0:02:17]} 25. Nxf5 {[%emt 0:00:06]} Qe5 {[%emt 0:00:15]} 26. Nd4 {[%emt 0:00:25]} Ng4 {[%emt 0:00:47]} 27. Nf3 {[%emt 0:07:16]} Qe8 {[%emt 0:00:42]} 28. a4 {[%emt 0:01:17]} Nf6 {[%emt 0:01:20]} 29. Qxa5 {[%emt 0:00:33]} Rcc8 {[%emt 0:00:26]} 30. Nd4 {[%emt 0:00:41]} Rc5 {[%emt 0:01:17]} 31. h3 {[%emt 0:01:01]} Ne4 {[%emt 0:00:53]} 32. Qe1 {[%emt 0:01:40]} Qc8 {[%emt 0:00:34]} 33. Nc6 {[%emt 0:01:42]} Ra8 {[%emt 0:00:31]} 34. Ne7+ {[%emt 0:00:10]} Kh8 {[%emt 0:00:07]} 35. Nxc8 {[%emt 0:00:04]} Raxc8 {[%emt 0:00:06]} 1-0

[Event "9th Sharjah Cup Women 2018"]
[Site "Sharjah"]
[Date "2018.12.17"]
[Round "5"]
[White "Novikova, Margarita"]
[Black "Berke, Ana"]
[Result "1-0"]
[WhiteElo "2017"]
[BlackElo "2151"]
[Annotator "TA"]
[PlyCount "107"]
[EventDate "2018.12.14"]
[EventType "swiss"]
[EventCountry "UAE"]
[SourceTitle "playchess.com"]
[Source "ChessBase"]
[SourceQuality "1"]

{[%evp 11,107,35,35,39,31,29,27,29,23,17,22,-6,0,-13,8,2,2,1,13,10,12,8,14,8,18,-174,-171,-386,-383,-466,-414,-400,-398,-485,-418,-408,-391,-412,-377,-428,-438,-543,-368,-426,-397,-352,-104,-100,-101,-125,135,132,154,23,22,32,22,13,120,118,241,241,301,287,1797,1797,1700,1716,1569,1516,1543,1489,1216,1202,1708,886,9470,9470,29937,29946,12847,29937,29980,5101,1652,0,29980,29981,29980,4859,1173,1097,29979,0,6079,5193,29986,29987]} 1. d4 Nf6 2. Bf4 c5 3. c3 cxd4 (3... b6 4. e3 Bb7 5. h3 g6 6. Nf3 Bg7 7. Nbd2 O-O 8. Be2 d6 9. O-O Nbd7 10. a4 a6 11. Bh2 Bc6 12. Qb1 Qc8 13. b4 Ra7 14. Rc1 Qa8 15. Bf1 Ne4 16. b5 Nxd2 17. Nxd2 Bb7 18. Nc4 Be4 19. Qb2 a5 {½-½ (68) Usmanov,V (2459)-Rakhmanov,A (2669) Sochi 2017}) 4. cxd4 d6 5. Nf3 g6 6. Nc3 {A45: Trompowsky Attack} Bg7 {LiveBook: 3 Games} 7. e4 O-O 8. h3 {White is slightly better.} d5 $146 ({Predecessor:} 8... Nc6 9. d5 Nh5 10. Be3 Nb8 11. Rc1 e6 12. Qd2 exd5 13. Nxd5 {½-½ (50) Molina,F (2216)-Caprino,M (2171) Verona 2017}) 9. e5 Ne4 10. Qb3 Nxc3 11. Qxc3 (11. bxc3 {keeps more tension.} f6 12. Be2 Nc6 13. O-O Na5 14. Qb2) 11... Bf5 12. Bd3 Bxd3 13. Qxd3 Nc6 14. O-O {[%cal Bh1f1,Bf1c1,Bc1c5][%mdl 32]} Qb6 15. Qd2 Rfc8 16. Rfc1 a5 17. Rc5 e6 18. Bh6 $2 {[#]} (18. Rac1 $11 {and White stays safe.}) 18... Nxd4 $1 $19 {[%mdl 512]} 19. Qxd4 $2 (19. Rxc8+ {was the only chance.} Rxc8 20. Qxd4 Qxd4 21. Nxd4 Bxh6 22. b3) 19... Qxc5 20. Qh4 Bxh6 21. Qxh6 Qf8 22. Qg5 Rc4 23. b3 Rc7 24. Nh2 h6 {[%cal Bh7h6,Bh6h5][%mdl 32]} 25. Qf4 h5 26. g4 a4 27. Re1 axb3 28. axb3 Ra2 $2 (28... Rc3 $19 {is more deadly.} 29. Re3 Rac8 30. gxh5 Rxe3 31. Qxe3 gxh5) 29. gxh5 $17 gxh5 {White must now prevent ...Rc3.} 30. Kh1 {[#] Rg1+ is the strong threat.} f5 $2 {[%mdl 8192]} (30... Kh7 $1 $17 {keeps the pressure on. aiming for ...Qh6.} 31. Nf3 Qh6 32. Ng5+ Kg7) 31. exf6 $16 Rf7 32. Qg5+ (32. Rg1+ $16 Kh8 33. Rg5 Ra1+ 34. Kg2) 32... Kh8 $11 33. Qxh5+ Rh7 34. Qf3 d4 (34... Ra8 $11) 35. Ng4 $16 {[%mdl 1024] White has strong compensation.} Ra5 (35... Qf7 $16 {keeps fighting.}) 36. Ne5 $18 Rh6 37. f7 Rd5 $2 (37... Rxe5 38. Rxe5 Kg7) 38. Rg1 {Qg3 would kill now.} Rxe5 39. Rg8+ Qxg8 40. fxg8=Q+ Kxg8 {[%mdl 4096] Endgame KQ-KRR} 41. Qg3+ {[%mdl 64] Double Attack} Kf7 42. Qxe5 Rxh3+ {KQ-KR} 43. Kg2 Rxb3 44. Qxd4 Ke7 45. Qc4 Rb1 46. Qc7+ Kf6 47. Qf4+ (47. Qd8+ $142 Ke5 48. Qd2 Kf6 49. Qd3 Rc1 50. Qf3+ {[%mdl 64] Double Attack} Ke7 51. Qa3+ {[%mdl 64] Double Attack} Kf6 52. Qxc1) 47... Ke7 48. Qc7+ Kf6 49. Qd8+ Kf7 50. Qd3 (50. Qd7+ $142 Kf8 51. Qxe6 Rd1 52. Qh6+ Ke7 53. Qg5+ Kf8 54. Qc5+ Kg8 55. Qe3) 50... Rb4 51. Qd6 Rb1 52. Qc7+ (52. Qd7+ $142 Kf6 53. Qd3 Rc1 54. Qf3+ {[%mdl 64] Double Attack} Kg7 55. Qg4+ {[%mdl 64] Double Attack} Kf6 56. Qf4+ Ke7 57. Qxc1) 52... Kf6 53. f4 b5 54. Qc2 {Accuracy: White = 46%, Black = 38%.} 1-0

[Event "9th Sharjah Cup Women 2018"]
[Site "Sharjah"]
[Date "2018.12.17"]
[Round "5"]
[White "Shanya Mishra"]
[Black "Socko, Monika"]
[Result "1/2-1/2"]
[WhiteElo "1978"]
[BlackElo "2458"]
[Annotator "TA"]
[PlyCount "114"]
[EventDate "2018.12.14"]
[EventType "swiss"]
[EventCountry "UAE"]
[SourceTitle "playchess.com"]
[Source "ChessBase"]
[SourceQuality "1"]

{[%evp 16,114,-7,0,0,-7,25,6,20,8,25,21,20,15,24,25,81,28,23,0,0,-20,0,0,36,22,33,1,0,0,0,0,0,0,0,0,0,0,0,0,0,0,0,0,0,0,0,0,0,0,0,0,0,0,0,0,0,0,0,0,0,0,0,0,0,0,0,0,0,0,0,0,0,0,0,0,0,0,0,0,0,0,0,0,0,0,0,0,0,0,0,0,0,0,0,0,0,0,0,0,0]} 1. d4 Nf6 2. c4 e6 3. Nf3 d5 4. g3 dxc4 5. Bg2 Bb4+ 6. Bd2 a5 7. Bxb4 {E04: Open Catalan: 5 Nf3} (7. Qc2 c5 8. a3 Bxd2+ 9. Nbxd2 cxd4 10. Nxc4 O-O 11. Rd1 Nc6 12. O-O Rb8 13. Rd2 Re8 14. Nfe5 Bd7 {½-½ (30) Vidit,S (2711)-Melkumyan,H (2660) Douglas 2018}) 7... axb4 8. Ne5 O-O 9. Nxc4 {LiveBook: 4 Games} Nc6 10. e3 $1 Na5 $146 (10... e5 $5) ({Predecessor:} 10... Bd7 11. O-O Ra7 {½-½ (11) Hayrapetyan,H (2453)-Aleksandrov,A (2568) Yerevan 2016}) 11. Nbd2 Bd7 12. O-O Bb5 13. Qc2 Nxc4 14. Nxc4 Nd5 15. Rfc1 Qe7 (15... c6 $11) 16. Ne5 ({White should play} 16. e4 $16 Nf6 17. e5) 16... c6 $11 17. Nd3 Ra7 18. e4 Nf6 19. Nc5 e5 (19... Nd7 {seems wilder.} 20. e5 Nxc5 21. dxc5 Qc7 22. f4 Rd8) 20. dxe5 Qxe5 21. a4 bxa3 $1 {The position is equal.} 22. Rxa3 Rxa3 23. bxa3 b6 $1 24. a4 bxc5 25. axb5 cxb5 {White must now prevent ...c4.} 26. Qxc5 Qxc5 27. Rxc5 {[%mdl 4096] Endgame Hoping for e5. KRB-KRN} Rb8 $1 28. e5 Nd7 29. Rd5 Nf8 30. Be4 b4 31. Kf1 g5 {[%cal Bg7g5,Bg5g4][%mdl 32]} 32. Ke2 Ne6 33. Kd2 g4 34. Bf5 h5 35. h3 b3 {[#] Strongly threatening ...gxh3.} 36. Kc1 Rc8+ 37. Kb2 gxh3 38. Bxh3 Rc2+ 39. Kxb3 Rxf2 40. Bxe6 fxe6 {KR-KR} 41. Rd6 Kf7 42. Kc4 Rf3 43. Rd7+ $1 Kg6 44. Re7 Kf5 45. Rf7+ Ke4 46. Rf6 Rxg3 47. Rxe6 Rg5 48. Kc3 Rg3+ 49. Kd2 Rh3 50. Re8 h4 51. e6 Kf5 52. Ke2 Rh1 53. Kf2 h3 54. e7 {[#] White threatens Rf8+ and mate.} Kf6 55. Rh8 Kxe7 56. Kg3 Rg1+ 57. Kh2 Rg7 {Accuracy: White = 79%, Black = 75%.} 1/2-1/2

[Event "9th Sharjah Cup Women 2018"]
[Site "Sharjah"]
[Date "2018.12.17"]
[Round "5"]
[White "Alattar, Ghayda M."]
[Black "Khalil, Reem"]
[Result "1-0"]
[WhiteElo "1944"]
[BlackElo "1297"]
[Annotator "NA"]
[PlyCount "43"]
[EventDate "2018.12.14"]
[EventType "swiss"]
[EventCountry "UAE"]
[SourceTitle "playchess.com"]
[Source "ChessBase"]
[SourceQuality "1"]
[TimeControl "5400+30"]

{[%evp 21,43,77,56,31,115,79,129,114,131,157,32767,32767,113,32767,76,63,221,285,32767,32767,32767,32767,755,811]} 1. e4 {[%emt 0:00:00]} d6 {[%emt 0:00:00]} 2. d4 {[%emt 0:00:00]} Nf6 {[%emt 0:00:00]} 3. Nc3 {[%emt 0:00:00]} Nbd7 {[%emt 0:00:00]} 4. g4 {[%emt 0:03:53]} h6 {[%emt 0:00:07] B07: Pirc Defence: Miscellaneous Systems} 5. h3 {[%emt 0:00:59]} e5 {[%emt 0:00:26]} 6. Be3 {[%emt 0:01:31]} Be7 {[%emt 0:00:34]} 7. Nge2 {[%emt 0:00:20]} c6 {[%emt 0:00:14]} 8. Ng3 {[%emt 0:01:19]} exd4 {[%emt 0:00:58]} 9. Bxd4 $146 {[%emt 0:02:48]} ({Predecessor:} 9. Qxd4 Ne5 10. Be2 g5 11. O-O-O Be6 12. Nf5 Bxf5 13. exf5 {1-0 (39) Nijboer,F (2598)-Plukkel,S (2148) Vlissingen 2006}) 9... Ne5 {[%emt 0:00:18]} 10. f4 {[%emt 0:11:25]} Ng6 {[%emt 0:02:48]} 11. Qd2 {[%emt 0:03:11]} b5 {[%emt 0:03:21]} 12. Rg1 {[%emt 0:14:11]} (12. O-O-O $16) 12... Qc7 {[%emt 0:06:38]} (12... b4 $11 13. Nce2 O-O) 13. Bg2 {[%emt 0:04:50]} Rb8 {[%emt 0:08:09]} 14. Nf5 {[%emt 0:04:27]} Bxf5 {[%emt 0:04:53]} 15. exf5 {[%emt 0:01:26]} Nh4 {[%emt 0:03:02]} 16. Bh1 {[%emt 0:01:28]} b4 {[%emt 0:07:39]} 17. Ne4 {[%emt 0:06:34]} Nxe4 $1 {[%emt 0:05:59]} 18. Bxe4 {[%emt 0:00:01]} Rg8 $2 {[%emt 0:08:16]} (18... d5 $1 $14 19. Bh1 O-O) 19. O-O-O {[%emt 0:02:23]} g5 {[%emt 0:09:40]} 20. f6 {[%emt 0:06:05]} Bd8 {[%emt 0:00:48]} 21. Rge1 {[%emt 0:02:09]} Kd7 $18 {[%emt 0:08:08]} 22. Be5 {[%emt 0:00:27]} 1-0

[Event "9th Sharjah Cup Women 2018"]
[Site "Sharjah"]
[Date "2018.12.17"]
[Round "5"]
[White "Nass, Sara"]
[Black "Hallaeva, Bahar"]
[Result "0-1"]
[WhiteElo "1840"]
[BlackElo "2133"]
[Annotator "TA"]
[PlyCount "102"]
[EventDate "2018.12.14"]
[EventType "swiss"]
[EventCountry "UAE"]
[SourceTitle "playchess.com"]
[Source "ChessBase"]
[SourceQuality "1"]

{[%evp 20,102,13,16,19,8,17,23,26,19,29,0,35,18,48,54,53,26,24,20,20,0,22,0,0,-14,0,-3,0,-4,-12,-16,0,0,0,0,0,-96,-91,-95,-95,-95,-95,-95,-96,-93,-96,-100,-103,-196,-210,-224,-213,-205,-217,-252,-251,-252,-252,-252,-246,-252,-237,-228,-219,-219,-214,-199,-191,-466,-447,-465,-465,-430,-364,-544,-539,-525,-524,-515,-469,-29966,-29978,-29982,-29983]} 1. e4 e5 2. Nf3 Nc6 3. Bb5 Nf6 4. O-O Nxe4 5. d4 Nd6 6. Bxc6 dxc6 7. dxe5 Nf5 8. Qxd8+ Kxd8 9. h3 h5 {C67: Ruy Lopez: Berlin Defence: 4 0-0 Nxe4} (9... Be7 10. Nc3 Nh4 11. Nxh4 Bxh4 12. Be3 h5 13. Ne2 Be7 14. f4 f5 15. exf6 gxf6 16. Rad1+ Ke8 17. f5 {½-½ (32) Vachier Lagrave,M (2780)-Karjakin,S (2760) Batumi 2018}) 10. Nc3 Ke8 11. b3 {LiveBook: 22 Games} Be6 {The position is equal.} 12. Bb2 Rd8 $146 ({Predecessor:} 12... Be7 13. Ne4 Rd8 14. Rad1 Rxd1 15. Rxd1 Rh6 16. c4 Rg6 17. Kh2 Nh4 18. Ne1 Rh6 {½-½ (46) Bruzon Batista,L (2679)-Moradiabadi,E (2578) Khanty-Mansiysk 2010}) 13. Rad1 Rxd1 14. Rxd1 Be7 15. Ne2 c5 (15... g5 {is interesting.} 16. Nd2 Kd7 17. Bc1 Kc8 18. Ne4 Rg8) 16. Nf4 (16. Nd2 {seems wilder.} g5 17. Ne4 c4 18. N2c3 c6 19. Ne2) 16... h4 17. Nxe6 fxe6 18. c4 Nh6 19. Rd3 Nf7 20. Nh2 Rh5 21. Ng4 Bg5 22. Rf3 Ke7 23. Kf1 b6 24. Ke2 Nh8 25. Kd3 Ng6 26. Ke4 Rh8 27. Rd3 Rf8 28. g3 (28. Rd1 $11 {keeps the balance.}) 28... hxg3 29. fxg3 {[#]} Nf4 $1 {[%cal Rf4d3][%mdl 512]} 30. Rf3 (30. gxf4 Rxf4+) 30... Nxh3 31. Rxf8 Kxf8 $17 {[%mdl 4096] Endgame KBN-KBN} 32. Kf3 {Threatens to win with Kg2.} Bd2 33. Ke2 Bh6 34. Nxh6 (34. Kf1 $17) 34... gxh6 {KB-KN} 35. Kf3 Kg7 36. Bc1 {[#]} Kg6 $1 37. g4 Ng5+ 38. Kf4 Nf7 39. Ke4 h5 40. gxh5+ Kxh5 41. Kf4 Nh8 42. Bd2 Ng6+ 43. Ke4 Ne7 44. b4 $2 (44. Bc3) 44... cxb4 $19 45. Bxb4 {[#]} c5 $1 {[%cal Rc5b4]} 46. Bc3 Nc6 47. a3 (47. Kf4 {was necessary.}) 47... Kg4 48. Bd2 Na5 49. Kd3 Kf5 50. Bxa5 (50. Kc3 $19 Nc6 51. Bh6) 50... bxa5 {[%cal Bb6a5,Ba5a4][%mdl 32]} 51. Ke3 a4 {Precision: White = 32%, Black = 81%.} 0-1

[Event "9th Sharjah Cup Women 2018"]
[Site "Sharjah"]
[Date "2018.12.17"]
[Round "5"]
[White "Almaini, Aishah Sarhan"]
[Black "Babayan, Armine"]
[Result "0-1"]
[WhiteElo "1614"]
[BlackElo "2189"]
[Annotator "TA"]
[PlyCount "72"]
[EventDate "2018.12.14"]
[EventType "swiss"]
[EventCountry "UAE"]
[SourceTitle "playchess.com"]
[Source "ChessBase"]
[SourceQuality "1"]

{[%evp 17,72,43,47,20,43,39,58,54,54,31,33,35,63,60,74,63,68,31,40,0,0,-62,-23,-85,269,-54,-5,-147,-141,-438,-444,-447,-445,-443,-457,-592,-587,-592,-585,-585,-591,-1168,-1126,-956,-796,-875,-868,-1234,-731,-732,-725,-821,-822,-842,-804,-1641,-1679]} 1. d4 Nf6 2. c4 e6 3. Nc3 Bb4 4. e3 Bxc3+ 5. bxc3 c5 6. Bd3 d6 7. Ne2 Nc6 8. O-O e5 9. Ng3 O-O {LiveBook: 17 Games} 10. Rb1 {E41: Nimzo-Indian: Rubinstein: 4...c5 5 Bd3, including Hübner Variation} (10. d5 Ne7 11. f4 exf4 12. exf4 Ng6 13. h3 Re8 14. Bd2 Bd7 15. Rb1 Rb8 16. Qf3 a6 17. Rb2 b5 18. Rfb1 Qc7 19. cxb5 axb5 20. Bxb5 Bxb5 21. Rxb5 Rxb5 22. Rxb5 {0-1 (39) Milanovic,D (2469)-Nikolic,P (2603) Berlin 2015}) 10... Re8 11. d5 Ne7 12. f3 {White is slightly better.} b6 13. Qc2 Ng6 14. Bd2 $146 ({Predecessor:} 14. Kh1 Rb8 15. Bf5 Bxf5 16. Qxf5 Qc8 17. Qxc8 Rexc8 18. Nf5 Ne8 {1-0 (48) Nedic,D (2343)-Szobries,T (2050) Hamburg 2017}) 14... Bd7 15. a4 Ne7 16. h3 Rf8 17. f4 exf4 18. Rxf4 (18. exf4 {feels hotter.} Ng6 19. Be2 Kh8 20. Rbe1 Rb8 21. Ra1) 18... Ng6 19. Bxg6 ({White should try} 19. Rf2 $11) 19... hxg6 20. Rbf1 (20. Rf2 $11) 20... Qe8 $2 {[%mdl 8192] [#]} (20... Bc8 $17 {and life is bright.} 21. Be1 Ba6) 21. Ra1 $2 (21. Rxf6 $1 $18 Bxa4 22. Qd3 gxf6 23. Ne4) 21... g5 22. Rf2 {[#]} (22. Rf3 $11) 22... Qe5 $1 $36 {[%cal Re5g3][%mdl 2048] Black is really pushing.} 23. Nf5 $2 {[%mdl 8192]} (23. Rf3 $17) 23... Ne4 $19 {Black is clearly winning.} 24. Raf1 Nxf2 25. Rxf2 g6 26. Nh6+ Kg7 27. Ng4 Bxg4 28. hxg4 Rh8 {[%cal Bf8h8,Bh8h4,Bh4g4][%mdl 32]} 29. Bc1 Rh4 30. Kf1 Rxg4 31. Qe2 f5 32. Qb2 Qe4 {aiming for ...Rh8.} 33. Qb5 Qxc4+ 34. Kg1 Qxa4 35. Qd3 Qc4 36. Qd2 Rh8 {Precision: White = 23%, Black = 46%.} 0-1

[Event "9th Sharjah Cup Women 2018"]
[Site "Sharjah"]
[Date "2018.12.17"]
[Round "5"]
[White "Kanter, Elizaveta"]
[Black "Gevorgyan, Irina"]
[Result "0-1"]
[WhiteElo "1137"]
[BlackElo "2301"]
[Annotator "TA"]
[PlyCount "80"]
[EventDate "2018.12.14"]
[EventType "swiss"]
[EventCountry "UAE"]
[SourceTitle "playchess.com"]
[Source "ChessBase"]
[SourceQuality "1"]

{[%evp 21,79,14,13,7,8,-4,0,-2,-18,-17,0,-6,0,0,4,-1,4,-18,0,0,0,0,0,-238,-241,-257,-58,-194,-196,-184,-191,-406,-397,-400,-405,-392,-390,-467,-495,-647,-622,-605,-410,-579,-407,-401,-346,-1042,-926,-29957,-835,-29993,-29994,-29994,-5406,-29989,-29990,-29998,-29999,-29999]} 1. d4 d5 2. Nf3 Nf6 3. c4 e6 4. g3 c6 5. Bg2 Nbd7 6. Qd3 Bd6 7. O-O O-O 8. Nc3 dxc4 9. Qxc4 e5 {E01: Catalan: Early deviations} 10. dxe5 (10. Rd1 Qe7 11. Bg5 h6 12. Nh4 Nb6 13. Bxf6 Qxf6 14. Qb3 Bc7 15. d5 cxd5 16. Bxd5 Kh8 17. Rac1 {1-0 (41) Aronian,L (2783)-Gelfand,B (2739) Moscow 2010}) 10... Nxe5 11. Nxe5 Bxe5 {LiveBook: 7 Games. The position is equal.} 12. Rd1 Qe7 13. Bg5 h6 14. Bf4 $146 ({Predecessor:} 14. Bxf6 Bxf6 15. Ne4 Be6 16. Nxf6+ Qxf6 17. Qb4 {½-½ (35) Schleifer,M (2270)-Fillion,S Canada 1996}) 14... Be6 15. Qa4 Bxf4 16. Qxf4 Rfd8 17. Rac1 a6 18. b3 a5 19. Na4 Rxd1+ 20. Rxd1 Rd8 $36 {[%mdl 2048] Black has good play.} 21. Rd4 b5 22. Nb6 $2 (22. Nc5 $11 {and White is okay.}) 22... c5 $19 23. Rd2 b4 $2 (23... g5 $19 24. Qe3 Qc7) 24. Na4 (24. Nc4 $15) 24... Rxd2 25. Qxd2 c4 26. Qe3 $2 (26. bxc4 Bxc4 27. Nb6 Bxe2 28. h3) 26... Qd6 27. Qc1 cxb3 28. axb3 Bxb3 29. Qc8+ Kh7 30. Qf5+ g6 31. Qxa5 Qd1+ {[%mdl 64] [#] Double Attack} 32. Bf1 {Now Nb2 and White clings on.} Bxa4 33. Qxb4 Bd7 34. Qe7 $2 (34. e3) 34... Kg7 {( -> ...Bh3)} 35. Qd8 Qc1 (35... Ne4 $142 36. Qh4 Nd2 37. Qd4+ Kg8 38. Qxd2 Qxd2 39. h3 Bb5 40. g4 Bxe2 41. Bxe2 Qxe2 42. Kg2 g5 43. Kg3 Qf1 44. Kf3 Qxh3+ 45. Ke2 Qxg4+ 46. Ke3 Qf4+ 47. Ke2 h5 48. Kd3 h4 49. Kc2 h3 50. Kc3 h2 51. Kc2 h1=Q 52. Kd3 Qd1+ 53. Kc3 Qfd4#) 36. Kg2 {[#]} Bh3+ $1 {[%mdl 512]} 37. Kf3 (37. Kxh3 Qxf1+) 37... Qxf1 (37... Qc6+ $142 38. Ke3 Qc3+ 39. Qd3 Ng4+ {[%mdl 64] Double Attack} 40. Kf3 Qf6+ 41. Ke4 Qe5+ 42. Kf3 Nxh2#) 38. Qd4 Bg4+ {Black mates.} 39. Ke3 Qxe2+ 40. Kf4 g5# {Accuracy: White = 21%, Black = 51%.} 0-1

[Event "9th Sharjah Cup Women 2018"]
[Site "Sharjah"]
[Date "2018.12.17"]
[Round "5"]
[White "Aisha Mohamed Al Muaini"]
[Black "Greibrokk, Ingrid"]
[Result "0-1"]
[WhiteElo "1134"]
[BlackElo "1857"]
[Annotator "NA RC"]
[PlyCount "100"]
[EventDate "2018.12.14"]
[EventType "swiss"]
[EventCountry "UAE"]
[SourceTitle "playchess.com"]
[Source "ChessBase"]
[SourceQuality "1"]
[TimeControl "5400+30"]

1. e4 {[%emt 0:00:00]} c5 {[%emt 0:00:00]} 2. Nf3 {[%emt 0:00:00]} d6 {[%emt 0:00:00]} 3. d3 {[%emt 0:00:00]} Nc6 {[%emt 0:00:00]} 4. g3 {[%emt 0:00:00]} g6 {[%emt 0:00:00]} 5. Bg2 {[%emt 0:00:00]} Bg7 {[%emt 0:00:00]} 6. O-O {[%emt 0:00:03]} Nf6 {[%emt 0:00:58]} 7. c3 {[%emt 0:00:22]} O-O {[%emt 0:00:09]} 8. Nbd2 {[%emt 0:00:07]} b5 {[%emt 0:01:58] A05: Réti Opening: 1 Nf3 Nf6} (8... e5 9. a4 h6 10. Nc4 Be6 11. Qe2 Qc7 12. Nfd2 Rad8 13. a5 d5 14. exd5 Nxd5 15. Ne4 b6 16. axb6 axb6 17. Re1 Qd7 18. Na3 Bg4 19. Qc2 {½-½ (50) Amin,B (2652)-Robson,R (2613) Antalya 2013}) 9. h3 {[%emt 0:03:36]} Rb8 {[%emt 0:02:30]} 10. Nh4 $146 {[%emt 0:01:29]} ({Predecessor:} 10. d4 cxd4 11. cxd4 Nd7 12. Nb3 a5 13. d5 Nce5 14. Nxe5 Nxe5 15. Re1 Nc4 16. Nd4 Bd7 {1-0 (75) Gabr,M (2287)-Koehn,L (2087) Pardubice 2018}) 10... b4 {[%emt 0:00:52]} 11. c4 {[%emt 0:00:32]} e6 {[%emt 0:09:45]} 12. f4 {[%emt 0:00:59]} Nh5 {[%emt 0:00:25]} 13. Kh2 {[%emt 0:00:59]} Bb7 {[%emt 0:04:02]} 14. f5 $2 {[%emt 0:04:34] [#]} ({White should try} 14. Nb3 $15) 14... exf5 $2 {[%emt 0:01:35] [#]} ({Better is} 14... Nxg3 $1 $19 {[%mdl 512]} 15. Kxg3 Be5+ 16. Kf2 Qxh4+ 17. Kg1 Nd4) 15. exf5 $2 {[%emt 0:00:24] [#]} (15. Nxf5 $1 $15 {[%mdl 512]} Be5 (15... gxf5 16. Qxh5) 16. Nf3) 15... Be5 {[%emt 0:00:20]} (15... Nxg3 $142 $1 {[%mdl 512]} 16. Rf3 (16. Kxg3 Be5+) 16... Nh5) 16. Ne4 {[%emt 0:02:14]} Nxg3 {[%emt 0:01:36]} 17. Nxg3 {[%emt 0:01:45]} Qxh4 {[%emt 0:00:06]} 18. Qe1 $2 {[%emt 0:02:14]} (18. Qg4 Qxg4 19. hxg4) 18... Nd4 {[%emt 0:00:14]} 19. Qf2 {[%emt 0:01:04] [#]} Nxf5 $2 {[%emt 0:01:16]} (19... Ne2 $1 {[%mdl 512]} 20. Bxb7 (20. Qxe2 Qxg3+) 20... Bxg3+ 21. Kg2 Bxf2 22. Rxf2 Qg3+ {[%mdl 64] Double Attack} 23. Kf1 Qxd3) 20. Bf4 {[%emt 0:01:18]} Nxg3 {[%emt 0:00:56]} 21. Qxg3 {[%emt 0:00:49]} Bxf4 {[%emt 0:01:23]} 22. Rxf4 {[%emt 0:00:35]} Qxg3+ {[%emt 0:00:04]} 23. Kxg3 {[%emt 0:00:12]} Bxg2 {[%emt 0:00:03]} 24. Kxg2 {[%emt 0:00:10]} f5 {[%emt 0:00:20]} 25. Re1 {[%emt 0:00:24]} Rfe8 {[%emt 0:00:11]} 26. Rff1 {[%emt 0:00:19]} Rxe1 {[%emt 0:00:26]} 27. Rxe1 {[%emt 0:00:06]} Kf7 {[%emt 0:00:03]} 28. Kf3 {[%emt 0:00:28]} Re8 {[%emt 0:00:20]} 29. Rxe8 {[%emt 0:00:10]} Kxe8 {[%emt 0:00:05]} 30. Kf4 {[%emt 0:00:12]} h6 {[%emt 0:00:06]} 31. h4 {[%emt 0:00:11]} Ke7 {[%emt 0:00:08]} 32. Kg3 {[%emt 0:00:29]} g5 {[%emt 0:00:07]} 33. hxg5 {[%emt 0:00:24]} hxg5 {[%emt 0:00:05]} 34. Kf3 {[%emt 0:00:06]} Ke6 {[%emt 0:00:18]} 35. Ke3 {[%emt 0:00:15]} f4+ {[%emt 0:00:20]} 36. Kf3 {[%emt 0:00:06]} Ke5 {[%emt 0:00:09]} 37. Ke2 {[%emt 0:00:17]} g4 {[%emt 0:00:11]} 38. Kf2 {[%emt 0:00:10]} Kd4 {[%emt 0:00:07]} 39. Ke2 {[%emt 0:00:12]} f3+ {[%emt 0:00:10]} 40. Kf2 {[%emt 0:00:15]} Kxd3 {[%emt 0:00:07]} 41. Kg3 {[%emt 0:00:08]} Ke2 {[%emt 0:00:07]} 42. Kxg4 {[%emt 0:00:07]} f2 {[%emt 0:00:06]} 43. Kg3 {[%emt 0:00:05]} f1=Q {[%emt 0:00:08]} 44. Kg4 {[%emt 0:00:19]} Ke3 {[%emt 0:00:19]} 45. Kg5 {[%emt 0:00:08]} Ke4 {[%emt 0:00:11]} 46. Kg6 {[%emt 0:00:08]} Ke5 {[%emt 0:00:11]} 47. Kg7 {[%emt 0:00:08]} Qf6+ {[%emt 0:00:15]} 48. Kg8 {[%emt 0:00:08]} Ke6 {[%emt 0:00:24]} 49. Kh7 {[%emt 0:00:07]} Kf7 {[%emt 0:00:09]} 50. b3 {[%emt 0:00:05]} Qg7# 0-1